Nová literatura 1 pro střední školy /

Hlavní autor: Borovička, Lukáš, 1982-
Další autoři: Svobodová, Iva, 1975-, Křížová, Hana, 1985-, Mladějovská, Aneta, Krupička, Adam, 1986-, Šidák, Pavel, 1977-, Šmajstrlová, Dana, Peštuková, Lucie, Štětka, Jan, Vlachová, Ilona
Jazyk: Čeština
Vydáno: Brno : Didaktis, 2018
Vydání: Vydání první
Témata:
Externí odkaz: Poslechové ukázky z děl a didaktické testy na:
Fyzický popis: 3 svazky : ilustrace (převážně barevné), mapy, portréty, faksimile ; 30 cm
Odebírané svazky: učebnice, pracovní sešit, průvodce učitele
Knihy
Uloženo v:
LEADER 03830nam a2200757 ia4500
001 nkc20182986190
003 CZ PrNK
005 20230119105957.0
007 ta
008 180322s2018 xr abchd p 001 0 cze
015 |a cnb002986190 
020 |a 978-80-7358-295-1  |q (učebnice ;  |q brožováno) 
020 |a 978-80-7358-296-8  |q (pracovní sešit ;  |q brožováno) 
020 |a 978-80-7358-297-5  |q (průvodce pro učitele ;  |q kroužková vazba) 
035 |a (OCoLC)1035472756 
040 |a ABA001  |b cze  |d OLA001  |d BOA001  |e rda 
072 7 |a 82  |x Literatura. Literární život  |2 Konspekt  |9 11 
072 7 |a 37.016  |x Učební osnovy. Vyučovací předměty. Učebnice  |2 Konspekt  |9 22 
080 |a 82:37.016  |2 MRF 
080 |a 821(100)(091)  |2 MRF 
080 |a (075.3)  |2 MRF 
080 |a (076.1)  |2 MRF 
080 |a (072)  |2 MRF 
100 1 |a Borovička, Lukáš,  |d 1982-  |7 ola2017960213  |4 aut 
245 1 0 |a Nová literatura 1 pro střední školy /  |c autorsky zpracovali: Lukáš Borovička, Iva Kilianová, Hana Křížová, Aneta Mladějovská, Pavel Šidák, Dana Šmajstrlová 
246 1 8 |a Nová literatura pro střední školy 1 
250 |a Vydání první 
264 1 |a Brno :  |b Didaktis,  |c 2018 
300 |a 3 svazky :  |b ilustrace (převážně barevné), mapy, portréty, faksimile ;  |c 30 cm 
336 |a text  |b txt  |2 rdacontent 
337 |a bez média  |b n  |2 rdamedia 
338 |a svazek  |b nc  |2 rdacarrier 
500 |a Chronologické přehledy 
504 |a Obsahuje bibliografie a rejstříky 
505 0 |a učebnice. 144 stran -- pracovní sešit / autorsky zpracovali: Lucie Peštuková, Jan Štětka, Ilona Vlachová. 140 stran -- průvodce pro učitele / autorsky zpracoval: Adam Krupička. viii, 176 stran 
521 8 |a Pro 1. ročník středních škol a gymnázií 
650 0 7 |a literární výchova  |7 ph117228  |2 czenas 
650 0 7 |a dějiny světové literatury  |7 ph499813  |2 czenas 
650 0 9 |a literary education  |2 eczenas 
650 0 9 |a history of world literature  |2 eczenas 
655 7 |a učebnice středních škol  |7 fd133771  |2 czenas 
655 7 |a pracovní sešity  |7 fd133116  |2 czenas 
655 7 |a metodické příručky  |7 fd132826  |2 czenas 
655 9 |a textbooks (secondary)  |2 eczenas 
655 9 |a activity books  |2 eczenas 
655 9 |a methodological manuals  |2 eczenas 
700 1 |a Svobodová, Iva,  |d 1975-  |7 mzk2010576785  |4 aut 
700 1 |a Křížová, Hana,  |d 1985-  |7 mub2015858954  |4 aut 
700 1 |a Mladějovská, Aneta  |7 mzk2016910332  |4 aut 
700 1 |a Krupička, Adam,  |d 1986-  |7 xx0159628  |4 aut 
700 1 |a Šidák, Pavel,  |d 1977-  |7 xx0061873  |4 aut 
700 1 |a Šmajstrlová, Dana  |7 jo20211100355  |4 aut 
700 1 |a Peštuková, Lucie  |4 aut 
700 1 |a Štětka, Jan  |4 aut 
700 1 |a Vlachová, Ilona  |7 hka20181008711  |4 aut 
856 4 2 |3 Poslechové ukázky z děl a didaktické testy na:  |u http://didaktis.cz  |4 N 
910 2 |a BOA001  |b 4-1409.995  |s učebnice, pracovní sešit, průvodce učitele 
990 |a BK 
995 |a 01 
991 |b 201808  |c NOV 
996 6 |b 2610746219  |c 4-1409.995  |d 1, učebnice  |v 1  |l MZK  |r Sklad / do 1 hodiny  |n 14  |p p.v.  |w 001669241  |u 000010  |a 1  |e BOA001  |j MZK50  |s P 
996 7 |b 2610746220  |c 4-1409.995  |d 1, učebnice  |v 1  |l MZK  |r Sklad / do 1 hodiny  |n 17  |p p.v.  |w 001669241  |u 000020  |a 1  |e BOA001  |j MZK50  |s A 
996 6 |b 2610750196  |c 4-1409.995  |d 2, pracovní sešit  |v 2  |l MZK  |r Sklad / do 1 hodiny  |n 8  |p p.v.  |w 001669241  |u 000030  |a 1  |e BOA001  |j MZK50  |s P 
996 7 |b 2610750197  |c 4-1409.995  |d 2, pracovní sešit  |v 2  |l MZK  |r Sklad / do 1 hodiny  |n 11  |p p.v.  |w 001669241  |u 000040  |a 1  |e BOA001  |j MZK50  |s A 
996 6 |b 2610758022  |c 4-1409.995  |d 3, průvodce učitele  |v 3  |l MZK  |r Sklad / do 1 hodiny  |n 6  |p p.v.  |w 001669241  |u 000050  |a 1  |e BOA001  |j MZK50  |s P 
996 7 |b 2610758023  |c 4-1409.995  |d 3, průvodce učitele  |v 3  |l MZK  |r Sklad / do 1 hodiny  |n 17  |p p.v.  |w 001669241  |u 000060  |a 1  |e BOA001  |j MZK50  |s A